|
|
|
|
| LEADER |
01589nam a22003854a 4500 |
| 001 |
EBC3037711 |
| 003 |
MiAaPQ |
| 005 |
20200520144314.0 |
| 006 |
m o d | |
| 007 |
cr cn||||||||| |
| 008 |
991029s2000 txua sb 001 0 eng |
| 010 |
|
|
|z 99057068
|
| 020 |
|
|
|z 089096937X (cloth)
|
| 035 |
|
|
|a (MiAaPQ)EBC3037711
|
| 035 |
|
|
|a (Au-PeEL)EBL3037711
|
| 035 |
|
|
|a (CaPaEBR)ebr10015700
|
| 035 |
|
|
|a (OCoLC)923700208
|
| 040 |
|
|
|a MiAaPQ
|c MiAaPQ
|d MiAaPQ
|
| 050 |
|
4 |
|a HD9696.S4
|b S453 2000
|
| 082 |
0 |
4 |
|a 338.7/62138152/0973
|2 21
|
| 100 |
1 |
|
|a Browning, Larry D.
|
| 245 |
1 |
0 |
|a Sematech
|h [electronic resource] :
|b saving the U.S. semiconductor industry /
|c Larry D. Browning and Judy C. Shetler.
|
| 246 |
3 |
0 |
|a Saving the U.S. semiconductor industry
|
| 260 |
|
|
|a College Station, TX :
|b Texas A&M University Press,
|c c2000.
|
| 300 |
|
|
|a xi, 279 p. :
|b ill.
|
| 490 |
1 |
|
|a Kenneth E. Montague series in oil and business history ;
|v no. 10
|
| 504 |
|
|
|a Includes bibliographical references (p. 261-266) and index.
|
| 533 |
|
|
|a Electronic reproduction. Ann Arbor, MI : ProQuest, 2015. Available via World Wide Web. Access may be limited to ProQuest affiliated libraries.
|
| 610 |
2 |
0 |
|a SEMATECH (Organization)
|x History.
|
| 650 |
|
0 |
|a Semiconductor industry
|x Government policy
|z United States.
|
| 655 |
|
4 |
|a Electronic books.
|
| 700 |
1 |
|
|a Shetler, Judy C.
|
| 710 |
2 |
|
|a ProQuest (Firm)
|
| 830 |
|
0 |
|a Kenneth E. Montague series in oil and business history ;
|v no. 10.
|
| 856 |
4 |
0 |
|u https://ebookcentral.proquest.com/lib/matrademy/detail.action?docID=3037711
|z Click to View
|